Представление документа в формате RUSMARC

ПолеНазваниеЗначение
  Тип записи a
  Библиографический уровень m
001 Контрольный номер RU/SLIB/B/208759893
005 Дата корректировки 20201206204211.1
010 Индекс ISBN __
a ISBN 5-9550-0285-5
d Цена 153-00
021 № государственной регистрации __
b № документа 2003-72084
b № документа 3573
100 Данные общей обработки __
a Данные общей обработки 19040210d2003 |||y0rusy0189 ca
101 Язык документа 1_
a Язык текста rus
c Язык оригинала eng
102 Страна публикации __
a Страна публикации RU
105 Кодированные данные (монография) __
a Кодированные данные (монография) y |||||||zy
200 Заглавие и сведения об ответственности 0_
a Заглавие О детях
f Первые сведения об ответственности Ошо ; [пер. с англ. О. В. Вишмидт]
b Общее обозначение материала Текст
210 Выходные данные __
a Место издания Киев [и др.]
c Издательство София
d Дата издания 2003
215 Физическое описание __
a Объем 255 с.
330 Аннотация __
a Аннотация Религиозно-философские и эзотерические взгляды об отношении к детям. Для широкого круга.
606 Тематические рубрики __
a Основная рубрика Оккультизм
a Основная рубрика Религии Востока
a Основная рубрика Религия. Мистика. Свободомыслие
z Хронологическая подрубрика 20 в.
y Географическая подрубрика Индия
610 Ключевые слова __
a Ключевые слова дети; взрослые; родители; подростки; медитация; философия; эзотерика; религиозная философия; эзотерическая литература
686 Индексы других классификаций __
a Классификационный индекс 86.42
686 Индексы других классификаций __
a Классификационный индекс 86.33; ст86.42 + ст86.33
700 Автор _0
a Фамилия Ошо
f Даты 1931-1990
4 Код отношения 070
702 Вторичная интеллектуальная ответственность _1
a Фамилия Вишминдт
b Имя О.
4 Код отношения Переводчик
4 Код отношения 730
801 Источник записи _0
a Страна RU
b Организация Муниципальное бюджетное учреждение культуры "Централизованная библиотечная система" г. Сургут (Центральная городская библиотека им. А. С. Пушкина)
c Дата составления 20040210
g Правила каталогизации КиК/Гришунина
801 Источник записи _1
a Страна RU
b Организация Муниципальное бюджетное учреждение культуры "Централизованная библиотечная система" г. Сургут (Центральная городская библиотека им. А. С. Пушкина)
c Дата составления 20040210
g Правила каталогизации КиК/Гришунина
852 Данные о местонахождении __
j Шифр хранения 86.42
c Каталожный индекс 86.42; 86.33
i Авторский знак О-96
901 Тип документа __
t Тип документа m
903 Характеристики (МАРС) __
a Дата передачи 20050118
990 Данные о заказе (DOS) __
t N записи в КСУ для И/У (DOS) 200501
j Количество экземпляров (DOS) 4